000 00206 a2200109 4500
020 _a9789681645694
041 _aspa
100 _aMichaela Morgan
245 _aBety al Rescate
942 _cBK
952 _74
999 _c19934
_d19934